| 000 | 01017nam a2200265Ia 4500 | ||
|---|---|---|---|
| 003 | OSt | ||
| 005 | 20220923211246.0 | ||
| 006 | a|||||r|||| 00| 0 | ||
| 007 | ta | ||
| 008 | 220922b |||||||| |||| 00| 0 hin d | ||
| 020 |
_a9788178541976 _c1200 |
||
| 024 | _a262,688 | ||
| 037 |
_b243, 01/10/2011, Eastern Book Linkers _cTextual |
||
| 040 |
_aARTS _cARTS _bhin |
||
| 041 |
_2hin _ahin |
||
| 082 | _aQ1:g(Y15), 152Q1 | ||
| 100 | _aकुजूर, स्कॉलस्टिका | ||
| 245 | 0 | _aवैदिक अनार्य नारी और आधुनिक आदिवासी नारी | |
| 246 | _aVaidik anārya nārī aur ādhunik ādivāsī nārī | ||
| 260 |
_aदिल्ली _b ईस्टर्न बुक लिंकर्स _c2011 |
||
| 300 |
_a532पृ. _ccm. |
||
| 650 | _aधर्म | ||
| 942 |
_hQ1:g(Y15), 152Q1 _cTEXL _2CC |
||
| 999 |
_c297808 _d297808 |
||